| 000 | 00430nam a2200157 i 4500 | ||
|---|---|---|---|
| 001 | 112894 | ||
| 003 | ES-MaACL | ||
| 005 | 20230906185706.0 | ||
| 007 | t| | ||
| 008 | 061121q19701979pr r ||||1| spa d | ||
| 100 | 1 |
_aMurray Chiesa, Walter. _984650 |
|
| 245 | 1 | 3 |
_aLa flecha / _cWalter Murray Chiesa. |
| 260 |
_aPuerto Rico : _bMobil Oil Caribe, _c[197-?] |
||
| 300 |
_a14 p. ; _c22 cm. |
||
| 852 |
_aES-MaACL _j2113-F-6 _bR.99947 |
||
| 999 |
_c112894 _d112894 |
||